[Event "13th EICC"]
[Site "Plovdiv BUL"]
[Date "2012.03.22"]
[Round "3.102"]
[White "Petenyi,T"]
[Black "Cornette,M"]
[Result "1-0"]
[WhiteElo "2359"]
[BlackElo "2545"]

1.e4 c5 2.Nf3 Nc6 3.Bb5 g6 4.Bxc6 bxc6 5.O-O Bg7 6.Re1 Nh6 7.d3 f6 8.a3 a5
9.c4 O-O 10.Nc3 e5 11.Rb1 d6 12.b4 axb4 13.axb4 cxb4 14.Rxb4 Bg4 15.h3 Bh5
16.Bxh6 Bxh6 17.g4 f5 18.gxh5 fxe4 19.Nxe4 d5 20.cxd5 cxd5 21.Ng3 Qf6 22.hxg6 hxg6
23.Kg2 Ra2 24.Rg4 Kh7 25.Nh1 Bf4 26.Qb3 Ra5 27.Qb7+ Kg8 28.Nxe5 Bxe5 29.Rxe5 Rf7
30.Qb8+ Kh7 31.Reg5  1-0

[Event "13th EICC"]
[Site "Plovdiv BUL"]
[Date "2012.03.23"]
[Round "4.129"]
[White "Chudinovskikh,A"]
[Black "Simacek,P"]
[Result "0-1"]
[WhiteElo "2278"]
[BlackElo "2447"]

1.e4 c5 2.Nf3 Nc6 3.Bb5 g6 4.O-O Bg7 5.c3 Nf6 6.e5 Nd5 7.d4 cxd4 8.cxd4 O-O
9.Nc3 Nxc3 10.bxc3 d6 11.exd6 Qxd6 12.a4 Bg4 13.Ba3 Qc7 14.h3 Bxf3 15.Qxf3 Rfd8
16.Rfe1 e6 17.Bxc6 bxc6 18.Bc5 Rd5 19.a5 Bf8 20.Bxf8 Rxf8 21.a6 c5 22.dxc5 Rxc5
23.Ra3 Rb8 24.Rd1 Kg7 25.Qe3 Rb2 26.Qd4+ e5 27.Qe3 Rc6 28.Re1 Rf6 29.Re2 Rb1+
30.Re1 Qb6 31.c4 e4 32.Kf1 Rxe1+ 33.Qxe1 Qd4 34.Kg1 Qxc4 35.Qa1 h5 36.Ra4 Qe2
37.Ra2 Qb5 38.Ra4 Qb6 39.Qe1 Re6 40.Rxe4 Rxe4 41.Qxe4 Qxa6 42.Qd4+ Kf8 43.Qd7 Qa2
44.g4 hxg4 45.hxg4 a5 46.g5 Qb1+ 47.Kg2 Qf5 48.Qd2 a4 49.f4 Qe4+ 50.Kg3 a3
51.Qa5 Qe3+ 52.Kg4 Qe2+ 53.Kg3 a2 54.f5 Qe3+  0-1

[Event "ch-St Petersburg w 2012"]
[Site "St Petersburg RUS"]
[Date "2012.03.23"]
[Round "7"]
[White "Zavgorodniaya,A"]
[Black "Korchagina,V"]
[Result "0-1"]
[WhiteElo "1900"]
[BlackElo "2103"]

1.e4 c5 2.Nf3 Nc6 3.Bb5 d6 4.Bxc6+ bxc6 5.O-O e5 6.c3 Bg4 7.h3 Bh5 8.Re1 Be7
9.d4 cxd4 10.cxd4 Bxf3 11.Qxf3 exd4 12.e5 d5 13.e6 Nf6 14.exf7+ Kxf7 15.g4 h6
16.h4 Kg8 17.g5 hxg5 18.hxg5 Ne4 19.Qf5 Qc8 20.Qxc8+ Rxc8 21.f3 Bb4 22.Rd1 Ng3
23.Kg2 Nf5 24.Rd3 Re8 25.Bf4 Re2+ 26.Kf1 Re1+ 27.Kf2 Rhh1  0-1

[Event "Belgrade Spring Open 2012"]
[Site "Belgrade SRB"]
[Date "2012.03.24"]
[Round "1.7"]
[White "Mraovic,S"]
[Black "Ivanovic,N"]
[Result "0-1"]
[WhiteElo "1861"]
[BlackElo "2270"]

1.e4 c5 2.Nf3 Nc6 3.Bb5 e5 4.Bxc6 dxc6 5.d3 Bd6 6.Nbd2 f6 7.Nh4 g6 8.Nc4 Bc7
9.Qf3 Be6 10.Ne3 Ba5+ 11.Kf1 Qd7 12.h3 O-O-O 13.g4 Rf8 14.a3 Ne7 15.b3 Bc3
16.Rb1 Bd4 17.Nd1 f5 18.gxf5 gxf5 19.Rh2 fxe4 20.Qxe4 Bxh3+ 21.Ke1 Nd5 22.Bd2 Rhg8
23.c3 Rg1+ 24.Ke2 Bf1+  0-1

[Event "TCh-CAT 2012"]
[Site "Catalunya ESP"]
[Date "2012.03.24"]
[Round "9.5"]
[White "Escandell,J"]
[Black "Perpinya Rofes,L"]
[Result "0-1"]
[WhiteElo "2273"]
[BlackElo "2385"]

1.e4 c5 2.Nf3 Nc6 3.Bb5 e6 4.O-O Nge7 5.c3 a6 6.Ba4 b5 7.Bc2 Bb7 8.Re1 d5
9.a4 b4 10.exd5 Nxd5 11.d4 cxd4 12.cxd4 Be7 13.Qd3 Qd7 14.Nbd2 Rd8 15.Nb3 h6
16.Bd2 Nf6 17.Qe2 Qd5 18.Be3 O-O 19.Bd3 Ng4 20.Bc4 Qd6 21.h3 Nxe3 22.Qxe3 Bf6
23.Nc5 Ba8 24.Ne4 Qe7 25.Nxf6+ Qxf6 26.Bxa6 Nxd4 27.Nxd4 Rxd4 28.Bf1 Rfd8
29.a5 Rd2 30.b3 Rb2 31.Red1 Rd5 32.Rac1 Kh7 33.Rxd5 Bxd5 34.Bd3+ g6 35.Bc4 Bxc4
36.Rxc4 Rb1+ 37.Rc1 Ra1 38.Qc5 Qf5 39.Qc7 Rxc1+ 40.Qxc1  0-1

[Event "TCh-CAT 2012"]
[Site "Catalunya ESP"]
[Date "2012.03.24"]
[Round "9.8"]
[White "Bravo Barranco,N"]
[Black "Llaneza Vega,P"]
[Result "0-1"]
[WhiteElo "2238"]
[BlackElo "2220"]

1.e4 c5 2.Nf3 Nc6 3.Bb5 g6 4.O-O Bg7 5.Re1 Nf6 6.c3 O-O 7.h3 e5 8.d4 cxd4
9.cxd4 exd4 10.Bg5 Qb6 11.Na3 d6 12.Bxc6 bxc6 13.Nc4 Qb4 14.Nxd6 c5 15.Ne5 Be6
16.Qf3 Nh5 17.Nd3 Qb6 18.Be7 c4 19.Bxf8 Rxf8 20.e5 cxd3 21.Qxd3 Qxb2 22.Qe4 Bh6
23.Qh4 Bd2 24.Reb1 Qc2 25.Qxd4 Nf4 26.Qxa7 Bc3 27.Qc7 Nd5 28.Qc5 Qe2  0-1

[Event "13th EICC"]
[Site "Plovdiv BUL"]
[Date "2012.03.24"]
[Round "5.85"]
[White "Simacek,P"]
[Black "Kotronias,V"]
[Result "1-0"]
[WhiteElo "2447"]
[BlackElo "2597"]

1.e4 c5 2.Nf3 Nc6 3.Bb5 d6 4.O-O Bd7 5.c3 Nf6 6.Re1 a6 7.Ba4 b5 8.Bc2 Bg4
9.d4 cxd4 10.cxd4 e5 11.Be3 exd4 12.Bxd4 Be7 13.Nc3 O-O 14.Bb3 Rc8 15.Rc1 Nd7
16.Nd5 Nc5 17.Rc3 b4 18.Nxe7+ Qxe7 19.Rce3 Ne6 20.Bxe6 fxe6 21.b3 Rf4 22.Bb2 Rcf8
23.Qd3 a5 24.Kh1 g6 25.Qb5 Bxf3 26.gxf3 Rxf3 27.Rg1 Qh4 28.Qxc6 Rxf2 29.Qxd6 Rxb2
30.Qxe6+  1-0

[Event "ch-SRB Women 2012"]
[Site "Kac SRB"]
[Date "2012.03.25"]
[Round "4"]
[White "Eric,J"]
[Black "Maksimovic,S"]
[Result "1/2-1/2"]
[WhiteElo "2243"]
[BlackElo "2227"]

1.e4 c5 2.Nf3 Nc6 3.Bb5 g6 4.O-O Bg7 5.c3 Nf6 6.Re1 O-O 7.d4 cxd4 8.cxd4 d5
9.e5 Ne4 10.Nc3 Nxc3 11.bxc3 Bf5 12.Nh4 Bd7 13.Bd3 Rc8 14.Rb1 b6 15.Ba6 Rc7
16.Qf3 Be6 17.Qg3 Nb8 18.Bf1 Qc8 19.Bd2 Nc6 20.f4 f5 21.exf6 Rxf6 22.Bd3 Bf5
23.Qf3 Bxd3 24.Qxd3 Na5 25.Rf1 Nc4 26.Be1 Nd6 27.a4 Ne4 28.Qb5 e6 29.a5 Rc6
30.axb6 Rxb6 31.Qd3 Rxb1 32.Qxb1 Rf7 33.Qd3 Qc6 34.Bd2 Rb7 35.Nf3 Rb2 36.Ra1 Qb7
37.Be1 Rb5 38.Rxa7 Qc6 39.Ne5 Bxe5 40.fxe5 Rb8 41.Ra6 Qd7 42.c4 Rf8 43.c5 Qf7
44.Ra1 Qf5 45.c6 Ng3 46.Qxf5 Nxf5 47.Bf2 Rc8 48.Rc1 Rc7 49.Kf1 Ne7 50.Ke2 Rxc6  1/2-1/2

[Event "13th EICC"]
[Site "Plovdiv BUL"]
[Date "2012.03.25"]
[Round "6.72"]
[White "Nevednichy,V"]
[Black "Alekseenko,K"]
[Result "1-0"]
[WhiteElo "2562"]
[BlackElo "2367"]

1.e4 c5 2.Nf3 Nc6 3.Bb5 g6 4.Bxc6 bxc6 5.O-O Bg7 6.c3 Nh6 7.d4 cxd4 8.cxd4 O-O
9.h3 f6 10.Nc3 Nf7 11.Re1 d6 12.b3 Bd7 13.Bb2 Qc7 14.Qe2 Rfe8 15.Rad1 Rad8
16.Na4 e5 17.dxe5 fxe5 18.Bc1 Bc8 19.Qc2 h6 20.Be3 Rd7 21.b4 Nd8 22.Rc1 Rf7
23.Nh2 Bd7 24.Qd2 Kh7 25.Red1 Bf8 26.Nb2 Qb7 27.a3 Qa8 28.f3 Be6 29.Nc4 Bxc4
30.Rxc4 Ne6 31.Rdc1 Rc8 32.Ng4 h5 33.Nf2 Rcc7 34.Qc2 Qc8 35.Nd3 Bh6 36.Bxh6 Kxh6
37.Rf1 Kh7 38.Qd2 Qf8 39.Nc1 Qd8 40.Ne2 d5 41.exd5 cxd5 42.Rxc7 Nxc7 43.f4 Ne6
44.Rd1 Qb6+ 45.Kh1 Qa6 46.Ng1 Nxf4 47.g3 Ne6 48.Qxd5 e4 49.Qxe4 Ng5 50.Qd5 Rf5
51.Qa8 Qe6 52.Qg2 Kh6 53.h4 Nf7 54.Rf1 Ne5 55.Qd2+ Kh7 56.Rxf5 Qxf5 57.Qe3 Ng4
58.Qxa7+ Kh6 59.Qd4 Qc8 60.Qd2+ Kh7 61.Nf3 Qc6 62.Kg2 Qe4 63.Qd7+ Kh6 64.Qd2+ Kh7
65.Qd7+ Kh6 66.Qd4 Qa8 67.b5 Kh7 68.b6 Qc6 69.a4 Qc2+ 70.Qd2 Ne3+ 71.Kf2 Ng4+
72.Kg1 Qc5+ 73.Kg2 Ne3+ 74.Kh1 Qxb6 75.Qd7+ Kh6 76.Qb5 Qe6 77.Qg5+ Kh7 78.Qxh5+ Kg8
79.Qh7+ Kf8 80.Qh8+ Ke7 81.Qe5 Qxe5 82.Nxe5  1-0

[Event "ch-Urals Men 2012"]
[Site "Satka RUS"]
[Date "2012.03.25"]
[Round "2"]
[White "Vaseptsov,Maxim"]
[Black "Mikhailov,V3"]
[Result "1-0"]
[WhiteElo "2190"]
[BlackElo "1972"]

1.e4 c5 2.Nf3 Nc6 3.Bb5 e6 4.O-O Nge7 5.c3 a6 6.Ba4 b5 7.Bc2 Ng6 8.d4 cxd4
9.cxd4 d5 10.Nc3 Be7 11.Be3 Bb7 12.Rc1 Na5 13.exd5 exd5 14.Re1 O-O 15.Qd3 Nc4
16.b3 Na3 17.Bd1 a5 18.Nb1 Nxb1 19.Rxb1 Ba6 20.Bc2 b4 21.Qd2 Rc8 22.Rbc1 Rc3
23.Bg5 Bxg5 24.Nxg5 Qc7 25.Bxg6 hxg6 26.Rxc3 Qxc3 27.Qxc3 bxc3 28.h4 f6 29.Nh3 Rc8
30.Nf4 c2 31.Rc1 Bb7 32.f3 Kf7 33.Nd3 Rc3 34.Nc5 Bc6 35.a4 f5 36.Kf2 f4 37.Ke2 Re3+
38.Kd2 Re8 39.Rxc2 Rh8 40.Nd3 Ba8 41.Nxf4 Rxh4 42.Ke3 g5 43.Nd3  1-0

[Event "Belgrade Spring Open 2012"]
[Site "Belgrade SRB"]
[Date "2012.03.27"]
[Round "4.1"]
[White "Radlovacki,J"]
[Black "Mihajlovic,Mio"]
[Result "1/2-1/2"]
[WhiteElo "2407"]
[BlackElo "2190"]

1.e4 c5 2.Nf3 Nc6 3.Bb5 Na5 4.c3 a6 5.Ba4 e6 6.d4 b5 7.Bc2 cxd4 8.cxd4 Bb7
9.O-O Nf6 10.Qe2 Be7 11.Nc3 Rc8 12.a3 h6 13.e5 Nd5 14.Ne4 Qc7 15.Ne1 Qb6
16.Qd1 b4 17.Qd3 Kd8 18.Nf3 Qc6 19.Bd1 bxa3 20.bxa3 Nf4 21.Bxf4 Qxe4 22.Qxe4 Bxe4
23.Re1 Bd5 24.Bd2  1/2-1/2

[Event "European Senior Teams 2012"]
[Site "Rogaska Slatina SLO"]
[Date "2012.03.27"]
[Round "1.1"]
[White "Pekun,C"]
[Black "Shvedchikov,A"]
[Result "0-1"]
[WhiteElo "2127"]
[BlackElo "2405"]

1.e4 c5 2.Nf3 Nc6 3.Bb5 g6 4.O-O Bg7 5.c3 Nf6 6.Re1 O-O 7.d4 Qb6 8.Na3 cxd4
9.cxd4 d5 10.e5 Ne4 11.Bd3 Rd8 12.Nc2 f6 13.Qe2 fxe5 14.Bxe4 dxe4 15.Qc4+ e6
16.Rxe4 exd4 17.Bg5 Rd5 18.Rae1 Bd7 19.b4 a5 20.a3 axb4 21.axb4 Qa6 22.Qb3 Qa4
23.Qb1 Rf8 24.Bd2 e5 25.Qb2 Kh8 26.Ra1 Qb5 27.Qb3 Rd6 28.Na3 Qd5 29.Qxd5 Rxd5
30.Ree1 h6 31.Rac1 Bf5 32.Nh4 Ra8 33.Nc4 Ra2 34.Red1 Bc2 35.Re1 g5 36.Nf3 e4  0-1

[Event "14th WGM Rector Cup"]
[Site "Kharkiv UKR"]
[Date "2012.03.28"]
[Round "3"]
[White "Karlovich,A"]
[Black "Bezkorovaina,M"]
[Result "1-0"]
[WhiteElo "2213"]
[BlackElo "2099"]

1.e4 c5 2.Nf3 Nc6 3.Bb5 d6 4.c3 Nf6 5.Qe2 Bd7 6.O-O g6 7.d4 cxd4 8.cxd4 Bg7
9.e5 dxe5 10.dxe5 Nd5 11.Rd1 Nc7 12.a4 O-O 13.Nc3 Qc8 14.h3 a6 15.Bc4 Be6
16.Bf4 Bxc4 17.Qxc4 Qf5 18.Bg3 Rac8 19.Qc5 Rfd8 20.Qb6 Rxd1+ 21.Rxd1 Nxe5
22.Nd4 Qd7 23.Qxb7 Qe8 24.Bxe5 Bxe5 25.Nc6 Bd6 26.Rxd6 exd6 27.Qxc8  1-0

[Event "13th EICC"]
[Site "Plovdiv BUL"]
[Date "2012.03.28"]
[Round "8.115"]
[White "Braun,Christi2"]
[Black "Baron,Ta"]
[Result "0-1"]
[WhiteElo "2372"]
[BlackElo "2497"]

1.e4 c5 2.Nf3 Nc6 3.Bb5 g6 4.Bxc6 bxc6 5.O-O Bg7 6.Re1 Nf6 7.d3 O-O 8.Nc3 d6
9.h3 Rb8 10.Rb1 e5 11.Bg5 h6 12.Be3 Be6 13.a3 Nd7 14.Qd2 Kh7 15.b4 f5 16.exf5 gxf5
17.bxc5 f4 18.cxd6 fxe3 19.Qxe3 Qa5 20.d4 Rxb1 21.Rxb1 Re8 22.Re1 exd4 23.Qe4+ Kh8
24.Qg6 Nf6 25.Nd1 Qd5  0-1

[Event "13th EICC"]
[Site "Plovdiv BUL"]
[Date "2012.03.28"]
[Round "8.120"]
[White "Nakar,Ey"]
[Black "Can,E"]
[Result "1-0"]
[WhiteElo "2344"]
[BlackElo "2476"]

1.e4 c5 2.Nf3 Nc6 3.Bb5 g6 4.Bxc6 bxc6 5.O-O Bg7 6.d3 d6 7.Nbd2 e5 8.a3 f5
9.b4 cxb4 10.axb4 Nf6 11.Bb2 O-O 12.c4 Nh5 13.c5 Nf4 14.cxd6 Qxd6 15.Nxe5 Bxe5
16.Nc4 Qxd3 17.Nxe5 Qxe4 18.f3 Qe3+ 19.Kh1 Be6 20.Ra3 Qe2 21.Qxe2 Nxe2 22.Re1 Rfd8
23.Re3 Nf4 24.Nxc6 Rd2 25.Bc3 Rd6 26.b5 Nd5 27.Rd3 Re8 28.Kg1 Rd7 29.Bb2 Nc7
30.Rde3 Bf7 31.Rxe8+ Nxe8 32.Ne5 Rb7 33.Ba3 Nf6 34.Rd1 Rxb5 35.Rd8+ Be8 36.Nd7 Rb3
37.Nxf6+ Kf7 38.Bc5 Bb5 39.Nxh7 Rb1+ 40.Kf2 f4 41.Ng5+ Kf6 42.Ne4+  1-0

[Event "European Senior Teams 2012"]
[Site "Rogaska Slatina SLO"]
[Date "2012.03.28"]
[Round "2.7"]
[White "Zunker,R"]
[Black "Bukacek,E"]
[Result "1/2-1/2"]
[WhiteElo "2177"]
[BlackElo "2155"]

1.e4 c5 2.Nf3 Nc6 3.Bb5 g6 4.O-O Bg7 5.h3 e5 6.c3 Nge7 7.Na3 O-O 8.Re1 d6
9.d3 h6 10.Nc2 f5 11.Ne3 Kh7 12.Bc4 Rb8 13.a4 a6 14.Nd5 b5 15.Ba2 Nxd5 16.Bxd5 Ne7
17.axb5 axb5  1/2-1/2

[Event "ch-Urals Men 2012"]
[Site "Satka RUS"]
[Date "2012.03.28"]
[Round "5"]
[White "Looshnikov,N"]
[Black "Yuffa,D"]
[Result "1-0"]
[WhiteElo "2487"]
[BlackElo "2334"]

1.e4 c5 2.Nf3 Nc6 3.Bb5 e6 4.O-O Nge7 5.Re1 a6 6.Bf1 d5 7.exd5 Nxd5 8.d4 Nf6
9.Be3 cxd4 10.Nxd4 Nxd4 11.Bxd4 Bd7 12.c4 Be7 13.Nc3 O-O 14.Qb3 Bc6 15.Rad1 Qc7
16.Bb6 Qf4 17.Ne2 Qh4 18.Nd4 a5 19.Nxc6 bxc6 20.Qf3 Rab8 21.Bd4 Bb4 22.Re3 Rfd8
23.Red3 Be7 24.Qxc6 Ng4 25.Rh3 Rxd4 26.Rxh4 Bxh4 27.Rxd4 Bxf2+ 28.Kh1 Bxd4
29.g3 h5 30.b3 Rd8 31.Be2 Nf6 32.Qc7 Rd7 33.Qxa5 Be3 34.Bxh5 Kh7 35.Bf3 Rd2
36.Qc3 Bh6 37.c5 Ne8 38.c6 Nc7 39.Qe5  1-0

[Event "European Senior Teams 2012"]
[Site "Rogaska Slatina SLO"]
[Date "2012.03.29"]
[Round "3.2"]
[White "Haubt,G"]
[Black "Klundt,K"]
[Result "1/2-1/2"]
[WhiteElo "2215"]
[BlackElo "2378"]

1.e4 c5 2.Nf3 Nc6 3.Bb5 d6 4.O-O Bd7 5.Re1 Nf6 6.c3 a6 7.Bf1 Bg4 8.h3 Bxf3
9.Qxf3 g6 10.Na3 Bg7 11.Nc2 Nd7 12.d3 O-O 13.Qg3 b5 14.f4 b4 15.Bd2 Rb8 16.Ne3 Nb6
17.a4 Na5 18.Ra2 Nb3 19.Qf2 a5 20.cxb4 cxb4 21.Nc4 Nxc4 22.dxc4 Bd4 23.Be3 e5
24.f5 Qe7 25.Kh2 f6 26.Qg3 Bxe3 27.Rxe3 Nd4 28.b3 Rb7 29.Rb2 Kh8 30.fxg6 Rg8
31.Qh4 Rxg6 32.g4 Qf7 33.Be2 Qe7 34.Bd1 Rg8 35.Rf2 Qg7 36.Qg3 Qg5 37.Rd3 Rg6
38.Qe3  1/2-1/2

[Event "ch-Urals Men 2012"]
[Site "Satka RUS"]
[Date "2012.03.29"]
[Round "6"]
[White "Tsvetkov,Pavel"]
[Black "Looshnikov,N"]
[Result "0-1"]
[WhiteElo "2081"]
[BlackElo "2487"]

1.e4 c5 2.Nf3 Nc6 3.Bb5 g6 4.O-O Bg7 5.Re1 Nf6 6.e5 Nd5 7.Nc3 Nc7 8.Bxc6 dxc6
9.Ne4 b6 10.Nf6+ Kf8 11.Ne4 h6 12.d3 Kg8 13.Bf4 Kh7 14.Qd2 Bg4 15.Qe2 Ne6
16.Be3 Bxe5 17.Nfg5+ hxg5 18.Qxg4 Bxb2 19.Rab1 Bf6 20.Nxg5+ Nxg5 21.Bxg5 Kg7
22.Bxf6+ exf6 23.Re3 Qd6 24.h3 Rae8 25.Rbe1 Re5 26.Qa4 Qc7 27.Qc4 Rhe8 28.Qa6 Rd8
29.Qa3 Rd4 30.R1e2 Rb4 31.Qc1 Rxe3 32.Rxe3 Ra4 33.a3 Qd6 34.Re8 c4 35.dxc4 Rxc4
36.Re3 Rd4 37.Re1 Rd2 38.c4 Qd4 39.Rf1 Qd3 40.Qe1 c5 41.h4 Re2 42.Qc1 Rc2
43.Qb1 Rc3 44.Qe1 Rxc4 45.h5 gxh5 46.f4 Rc3 47.Kh2 Rc2 48.Kh1 Qe2 49.Qg3+ Qg4  0-1

[Event "14th WGM Rector Cup"]
[Site "Kharkiv UKR"]
[Date "2012.03.30"]
[Round "5"]
[White "Karlovich,A"]
[Black "Goryachkina,A"]
[Result "0-1"]
[WhiteElo "2213"]
[BlackElo "2341"]

1.e4 c5 2.Nf3 Nc6 3.Bb5 d6 4.O-O Bd7 5.c3 Nf6 6.Re1 a6 7.Ba4 b5 8.Bc2 Bg4
9.d3 e6 10.Nbd2 Be7 11.h3 Bh5 12.Nf1 O-O 13.Ng3 Bg6 14.Nh4 d5 15.Nxg6 hxg6
16.e5 Nd7 17.d4 cxd4 18.cxd4 Rc8 19.Be3 Nb4 20.Bb1 Qc7 21.Re2 Nb6 22.a3 Nc6
23.Rc2 Nc4 24.Qg4 Qa7 25.Rxc4 bxc4 26.h4 Qb6 27.Bxg6 fxg6 28.Qxe6+ Kh7 29.h5 gxh5
30.Nxh5 Qxb2 31.Rf1 Qc2 32.Qh3 Kg8 33.Qe6+ Kh7 34.Qh3 g5 35.Nf6+ Kg7 36.Bxg5 Qg6
37.f4 Nxd4 38.f5 Nxf5 39.Rxf5 Bc5+ 40.Kf1 Rh8 41.Qf3 Rh1+ 42.Ke2 Rb8 43.Bd2 d4
44.Nh5+ Kh8 45.Bb4 d3+ 46.Kd2 Qb6 47.e6 Bxb4+ 48.axb4 Qxb4+ 49.Ke3 Re1+ 50.Kf4 c3+
51.Kg3 Rg8+ 52.Kf2 Re2+  0-1

[Event "European Senior Teams 2012"]
[Site "Rogaska Slatina SLO"]
[Date "2012.03.30"]
[Round "4.14"]
[White "Hoelzl,F"]
[Black "Mostertman,L"]
[Result "1-0"]
[WhiteElo "2336"]
[BlackElo "2058"]

1.Nf3 c5 2.e4 Nc6 3.Bb5 e6 4.O-O Nge7 5.b3 a6 6.Bd3 Ng6 7.Bb2 Nf4 8.Re1 Nxd3
9.cxd3 f6 10.d4 cxd4 11.Nxd4 e5 12.Nc2 d5 13.exd5 Qxd5 14.d4 e4 15.Nc3 Qa5
16.Nxe4 Kf7 17.d5 Nb4 18.Ne3 f5 19.Ng5+ Kg6 20.Nh3 Nxa2 21.Qb1 Qd2 22.Rxa2  1-0

[Event "ch-Urals Men 2012"]
[Site "Satka RUS"]
[Date "2012.03.30"]
[Round "7"]
[White "Putilov,V"]
[Black "Matsenko,S"]
[Result "0-1"]
[WhiteElo "2180"]
[BlackElo "2468"]

1.e4 c5 2.Nf3 Nc6 3.Bb5 e6 4.Bxc6 bxc6 5.d3 Ne7 6.Qe2 Qc7 7.h4 h5 8.e5 Nf5
9.Qe4 Bb7 10.Nc3 Rb8 11.O-O c4 12.dxc4 c5 13.Qd3 Bxf3 14.Qxf3 Nxh4 15.Qe4 Be7
16.Nb5 Qb7 17.Qxb7 Rxb7 18.Rd1 Nf5 19.b3 a6 20.Na3 f6 21.Bf4 g5 22.Bh2 g4
23.Bf4 h4 24.Rd3 fxe5 25.Bxe5 Rh5 26.Re1 d6 27.Bb2 e5 28.Nb1 Bd8 29.Nc3 Rg7
30.Nd5 Kf7 31.b4 cxb4 32.c5 dxc5 33.Rxe5 c4 34.Rd1 c3 35.Bc1 Bf6 36.Re4 g3
37.Nf4 Rh8 38.Rxb4 Re8 39.Nh5 Bd4 40.Nxg7 Re1+ 41.Rxe1 gxf2+ 42.Kf1 Ng3+  0-1

[Event "13th EICC"]
[Site "Plovdiv BUL"]
[Date "2012.03.31"]
[Round "11.155"]
[White "Hristodorescu,D"]
[Black "Henseler,J"]
[Result "1-0"]
[WhiteElo "2212"]
[BlackElo "2071"]

1.e4 c5 2.Nf3 Nc6 3.Bb5 d6 4.Bxc6+ bxc6 5.O-O Bg4 6.h3 Bh5 7.Re1 e5 8.d3 Nf6
9.Nbd2 Nd7 10.c3 f6 11.Qa4 Qc7 12.d4 Be7 13.b4 cxd4 14.cxd4 O-O 15.Ba3 Qb7
16.Rec1 Rfc8 17.Rc3 Qb5 18.Qc2 Nb6 19.Rc1 Be8 20.Nb3 Na4 21.Rd3 Bd7 22.dxe5 fxe5
23.Nc5 Nb6 24.Qb3+ Kh8 25.Nxd7 Nxd7 26.Rcd1 Re8 27.Bc1 h6 28.Qf7 d5 29.exd5 e4
30.dxc6 exd3 31.cxd7 Qxd7 32.Bb2 Rg8 33.Ne5 Qa4 34.Qh5 Qxb4 35.Ng6+ Kh7 36.Qf5 Rge8
37.Nxe7+ Kh8  1-0

[Event "European Senior Teams 2012"]
[Site "Rogaska Slatina SLO"]
[Date "2012.03.31"]
[Round "5.7"]
[White "Westerinen,H"]
[Black "Huebner,W"]
[Result "1-0"]
[WhiteElo "2325"]
[BlackElo "2188"]

1.e4 c5 2.Nf3 Nc6 3.Bb5 g6 4.O-O Bg7 5.c3 Nf6 6.Re1 O-O 7.h3 d6 8.d4 cxd4
9.cxd4 d5 10.e5 Ne4 11.Nc3 Nxc3 12.bxc3 Bf5 13.Ba3 Rc8 14.Qa4 a6 15.Bf1 Re8
16.g4 Bd7 17.Qb3 Na5 18.Qb4 b5 19.Bc1 Qc7 20.Bd2 Nc4 21.Bf4 Qa5 22.a3 Qb6
23.Nd2 Nxd2 24.Bxd2 e6 25.a4 f6 26.axb5 Bxb5 27.Bxb5 Qxb5 28.Qxb5 axb5 29.exf6 Bxf6
30.Ra6 Kf7 31.Rb6 e5 32.g5 Bg7 33.Rb7+ Kg8 34.dxe5 Bxe5 35.Rxb5 Rcd8 36.f4 Bc7
37.Rxe8+ Rxe8 38.Rxd5 Re4 39.Kf2 Rc4 40.Kf3  1-0

[Event "ch-Urals Men 2012"]
[Site "Satka RUS"]
[Date "2012.03.31"]
[Round "8"]
[White "Savitskiy,S"]
[Black "Looshnikov,N"]
[Result "1-0"]
[WhiteElo "2329"]
[BlackElo "2487"]

1.e4 c5 2.Nf3 Nc6 3.Bb5 e6 4.O-O Nge7 5.Re1 a6 6.Bf1 d5 7.exd5 Nxd5 8.d4 Nf6
9.Be3 cxd4 10.Nxd4 Nxd4 11.Bxd4 Be7 12.c3 O-O 13.a4 Bd7 14.Nd2 Bc6 15.Nc4 Nd7
16.a5 Bc5 17.b4 Bxd4 18.Qxd4 Qc7 19.Red1 Rfd8 20.Qd6 Qxd6 21.Rxd6 Kf8 22.Rad1 Ke7
23.f3 Rac8 24.R6d4 Bd5 25.Ne3 Bb3 26.R1d3 Ne5 27.Rxd8 Rxd8 28.Rxd8 Kxd8 29.Kf2 g5
30.g3 Kc7 31.f4 gxf4 32.gxf4 Nc6 33.Kg3 b6 34.axb6+ Kxb6 35.Kh4 e5 36.Bc4 Bxc4
37.Nxc4+ Kb5 38.Nxe5 Nxe5 39.fxe5 Kc4 40.Kg5 Kxc3 41.Kf6 Kd4 42.h4 Ke4 43.h5 Kf4
44.h6 Ke4 45.Kg7 Kxe5 46.Kxh7  1-0

[Event "ch-Urals Men 2012"]
[Site "Satka RUS"]
[Date "2012.03.31"]
[Round "8"]
[White "Lobov,D"]
[Black "Fokin,Andrey"]
[Result "1-0"]
[WhiteElo "2143"]
[BlackElo "2101"]

1.e4 c5 2.Nf3 Nc6 3.Bb5 g6 4.O-O Bg7 5.Re1 Nf6 6.e5 Nd5 7.Nc3 Nc7 8.Bxc6 dxc6
9.Ne4 Ne6 10.d3 O-O 11.Be3 b6 12.Qd2 Nd4 13.Nxd4 cxd4 14.Bh6 Qd5 15.Qg5 Bxh6
16.Qxh6 Qxe5 17.Ng5 Qg7 18.Qxg7+ Kxg7 19.Nf3 c5 20.Rxe7 Be6 21.a4 Kf6 22.Rc7 Rfc8
23.Rxc8 Rxc8 24.a5 b5 25.b3 Bd5 26.Nd2 Re8 27.Kf1 a6 28.Rc1 b4 29.f3 Re3
30.Kf2 Ke7 31.Nf1 Re5 32.Ng3 f5 33.Ne2 Bc6 34.h4 Kf6 35.Nf4 Re8 36.Nh3 h6
37.Ng1 Re3 38.Ne2 Re7 39.Ng3 f4 40.Ne4+ Bxe4 41.dxe4 Rb7 42.Ke2 Rb5 43.Ra1 Rb8
44.Kd3 Re8 45.Kc4 Re5 46.Rg1 Rh5 47.g3 fxg3 48.Rxg3 Re5 49.Rg4 Kf7 50.Kd3 Kf6
51.f4 Re8 52.Rg1 Re7 53.Re1 g5 54.fxg5+ hxg5 55.Rf1+ Kg6 56.Rg1 Re5 57.Rxg5+ Rxg5
58.hxg5 Kxg5 59.Kc4 Kf4 60.Kxc5 Kxe4 61.Kxb4 Kd5 62.Ka3 Kc5 63.Ka4 Kd6 64.b4 Kc6
65.Ka3 Kd6 66.Kb3 Kd5 67.b5 axb5 68.Kb4 Kc6 69.a6 Kb6 70.a7 Kxa7 71.Kxb5 Kb7
72.Kc5 Kc7 73.Kxd4 Kd6 74.Kc4 Kc6 75.c3  1-0

[Event "ch-Urals Men 2012"]
[Site "Satka RUS"]
[Date "2012.04.01"]
[Round "9"]
[White "Genkel,Dmitriy"]
[Black "Artamonov,V"]
[Result "1-0"]
[WhiteElo "1847"]
[BlackElo "2250"]

1.e4 c5 2.Nf3 Nc6 3.Bb5 g6 4.Bxc6 dxc6 5.d3 Bg7 6.h3 Nf6 7.Nc3 Nd7 8.Be3 Qa5
9.O-O Bxc3 10.bxc3 Qxc3 11.d4 Nf8 12.Re1 Bd7 13.Rb1 b5 14.d5 Rc8 15.Rb3 Qa5
16.Bxc5 cxd5 17.Bd4 f6 18.exd5 Qxa2 19.Bxf6 Rg8 20.Rxe7+ Kd8 21.Ne5 Kc7 22.d6+ Kb8
23.Nxd7+ Nxd7 24.Rxb5+ Nb6 25.Qf3 Qa6 26.Ra5  1-0

[Event "Cebanenco Mem IM 2012"]
[Site "Kishinev MDA"]
[Date "2012.04.03"]
[Round "1"]
[White "Iovcov,V"]
[Black "Vavric,P"]
[Result "1/2-1/2"]
[WhiteElo "2147"]
[BlackElo "2208"]

1.e4 c5 2.Nf3 Nc6 3.Bb5 g6 4.Bxc6 dxc6 5.d3 Bg7 6.h3 Nf6 7.Nc3 Nd7 8.Be3 e5
9.Qd2 Qe7 10.Bh6 Bxh6 11.Qxh6 f6 12.O-O-O Nf8 13.Nh2 Ne6 14.Ne2 Qf8 15.Qe3 Nd4
16.Nxd4 cxd4 17.Qd2 Qd6 18.Rdf1 Be6 19.a3 O-O 20.f4 c5 21.fxe5 Qxe5 22.Nf3 Qd6
23.Rd1 b5 24.e5 Qd5 25.Qh6 Qd7 26.exf6 Rxf6 27.Ng5 Bd5 28.Rhf1 Rxf1 29.Rxf1 Qg7
30.Qh4 Re8 31.Re1 Rxe1+ 32.Qxe1 Qf8 33.Qg3 Qe8 34.b3 h6 35.Ne4 Bxe4 36.dxe4 c4
37.bxc4 bxc4 38.e5 Qf7 39.Qg4 Qf1+ 40.Kb2 c3+ 41.Ka2 Qc4+ 42.Ka1 Qa6 43.Ka2 Qc4+  1/2-1/2

[Event "Semana Santa LAB Open"]
[Site "Bogota COL"]
[Date "2012.04.04"]
[Round "2"]
[White "Mercado,Lu"]
[Black "Diaz,Ja"]
[Result "1-0"]
[WhiteElo "2075"]
[BlackElo "2227"]

1.e4 c5 2.Nf3 Nc6 3.Bb5 Na5 4.O-O a6 5.Be2 e6 6.c3 d5 7.exd5 Qxd5 8.d4 cxd4
9.Nxd4 Qd8 10.Bf3 Bd7 11.b4 Nc6 12.Nxc6 bxc6 13.Qd3 Be7 14.Nd2 Nf6 15.Rd1 Nd5
16.Ne4 f5 17.Nc5 Bxc5 18.bxc5 Qa5 19.c4 Nf6 20.Bb2 Qc7 21.Bxf6 gxf6 22.Bh5+ Ke7
23.Rab1 Rhd8 24.Rb7  1-0

[Event "Semana Santa LAB Open"]
[Site "Bogota COL"]
[Date "2012.04.05"]
[Round "4"]
[White "Lopez,CM CUB"]
[Black "Aguero Jimenez,L"]
[Result "1/2-1/2"]
[WhiteElo "2313"]
[BlackElo "2434"]

1.e4 c5 2.Nf3 Nc6 3.Bb5 e6 4.O-O Nge7 5.Re1 a6 6.Bxc6 Nxc6 7.d4 cxd4 8.Nxd4 d6
9.Nc3 Be7 10.Nxc6 bxc6 11.e5 d5 12.Qg4 Kf8 13.b3 h5 14.Qf3 h4 15.h3 Rb8 16.Na4 Qa5
17.Be3 c5 18.a3 d4 19.Bf4 Bb7 20.Qd3 Qc7 21.f3 g5 22.Bd2 Qc6 23.Re4 c4 24.Qxd4 Rd8
25.Qe3 Qd7 26.Nc5 Qxd2 27.Nxb7 Qxe3+ 28.Rxe3 Rd7 29.Nd6 cxb3 30.cxb3 Bxd6
31.exd6 Rxd6 32.Rc1 Kg7 33.Rc5 f5 34.Ra5 Rc8 35.Kf2 Rc1 36.Re1 Rd2+ 37.Re2 Rd6
38.Re1 Rcc6 39.Re2 Kf6 40.b4 Rd4 41.Rb2 Rd1 42.Rc5 Rxc5 43.bxc5 Rc1 44.Rb6 Rxc5
45.Rxa6 Rc2+ 46.Kf1 Ra2 47.Ra5 Ke7 48.Kg1 Kd6 49.Kf1 e5 50.Kg1 Rc2  1/2-1/2

[Event "O2C Doeberl Cup Premier 2012"]
[Site "Canberra AUS"]
[Date "2012.04.05"]
[Round "1.13"]
[White "Rathnakaran,K"]
[Black "Dordevic,Ivan"]
[Result "1-0"]
[WhiteElo "2410"]
[BlackElo "2076"]

1.e4 c5 2.Nf3 Nc6 3.Bb5 g6 4.O-O Bg7 5.Re1 Nf6 6.e5 Nd5 7.Nc3 Nc7 8.Bxc6 dxc6
9.Ne4 Ne6 10.d3 O-O 11.Be3 b6 12.Qd2 Nd4 13.Nxd4 cxd4 14.Bh6 Bf5 15.Ng3 e6
16.f3 Bxh6 17.Qxh6 f6 18.h4 Qd5 19.Re2 Rae8 20.Rae1 fxe5 21.Rxe5 Qxa2 22.h5 Qxb2
23.Nxf5 gxf5 24.Qg5+ Kf7 25.h6 Re7 26.Rxe6  1-0

[Event "Pobeskydi Open 2012"]
[Site "Frydek Mistek CZE"]
[Date "2012.04.05"]
[Round "2"]
[White "Dziodzio,A"]
[Black "Korenova,M"]
[Result "0-1"]
[WhiteElo "1973"]
[BlackElo "2220"]

1.e4 c5 2.Nf3 Nc6 3.Bb5 g6 4.c3 Qb6 5.Na3 Bg7 6.O-O h5 7.Re1 Nh6 8.Qe2 Qc7
9.h3 a6 10.Bxc6 dxc6 11.d4 cxd4 12.cxd4 Be6 13.Be3 Ng4 14.hxg4 hxg4 15.Ne5 Bxe5
16.dxe5 Qxe5 17.Qc2 Qh2+ 18.Kf1 O-O-O 19.Bb6 Qh1+ 20.Ke2 Qxg2 21.Rg1 Qf3+
22.Kf1 Rh1 23.Rxh1 Qxh1+ 24.Ke2 Qxa1 25.Bxd8 Kxd8 26.Qd2+ Kc8 27.Qd4 Qxa2
28.Qh8+ Kc7 29.Qe5+ Kb6 30.Qd4+ c5 31.Qd8+ Ka7 32.Qd2 Qb3  0-1